000 00683cam a2200205 a 4500
001 000019209
005 20200929165942.0
008 740625s1979 ja b b 001 0 eng d
040 _aDO-SdBNP
_beng
_cLC
_dBNPHU
082 _a952
_bR375j
100 1 _aReischauer, Edwin O.
_q(Edwin Oldfather),
_d1910-1990.
_941330
245 1 0 _aJapan :
_bthe story of a nation /
_cEdwin O. Reischauer.
260 _aTokyo :
_bCharles E. Tuttle Company,
_c1979.
300 _axv, 387, xx p. :
_bmapas ;
_c21 cm.
504 _aBibliografía: p. 383-387.
651 4 _aJapón
_xHistoria
_94665
700 1 _aReischauer, Edwin O.,
_epról.
_941331
910 _aCatalogación derivada / LC
049 _aBNGR
999 _c18727
_d18727